000 00700nam a2200289Ia 4500
005 20260324123839.0
008 008 260324s9999 xx 000 0 eng d
020 _a9781315134512
037 _aEBOOK
040 _aCRL
040 _beng
040 _cCRL
041 _2eng
041 _aeng
084 _qCRL
100 _aS. A. Barnett
_91000313
245 4 _aThe Reforming of General Education
245 4 _bThe Columbia Experience in Its National Setting
260 _bTaylor and Francis
260 _c2011
365 _a
365 _b230
856 _uhttp://www.taylorfrancis.com/books/9781315134512
942 _cEBOOK
999 _c1765744
_d1765744